Bresil : Terre D'amour et de beaute

Guardat en:
Dades bibliogràfiques
Autor principal: Valloton, Henry
Format: Llibre
Idioma:Undetermined
Publicat: Germany Librairie Payot Lausanne 1952
Etiquetes: Afegir etiqueta
Sense etiquetes, Sigues el primer a etiquetar aquest registre!
Thư viện lưu trữ: Trung tâm Học liệu Trường Đại học Cần Thơ
LEADER 00469nam a2200181Ia 4500
001 CTU_86810
008 210402s9999 xx 000 0 und d
082 |a 918.1 
082 |b V193 
100 |a Valloton, Henry 
245 0 |a Bresil : 
245 0 |b Terre D'amour et de beaute 
245 0 |c Henry Valloton 
260 |a Germany 
260 |b Librairie Payot Lausanne 
260 |c 1952 
904 |i Mai Loan 
980 |a Trung tâm Học liệu Trường Đại học Cần Thơ